00691nam a2200241 a 4500001001300000003000900013005001700022008004100039020000800080082001600088100002400104245004600128260003800174300000900212500003500221505001000256650001700266700002400283902000800307942000700315952011200322999001500434nice12345678IN_TiNIC20260116011453.0050524s1942 laha grp 000 0 eng  ac000a955.03bSID aSiddiqi, Amir Hasan aCaliphate and Kingship in Medieval Persia aLahorebSh. Muhammad Ashrafc1942 a184p aincludes index and biblioraphy2 aIndex aIran-History1 aSiddiqi, Amir Hasan bSRS cBK 001040708StackRoom-aHMIbHMId2005-05-24g0.00l0o955.03 SIDp00429r2005-05-24v0.00w2005-05-24yBK c1836d1836